01753nam a2200265Ia 450000500170000000800410001704000530005804100080011124500580011926000600017730000380023749000330027550004340030850802540074251101830099654600230117965000260120265000400122870000340126871000300130271000190133271000300135176500210138185600850140220140801172522.0130821s2000 ck g q mlspa d aCO-BoUCMbspacOscar Anaya (modificó)d[Nuevo] aspa00aBolívar soy yocJorge Alí Triana, directorh[DVD] aBogotá (Cundinamarca, Colombia)bGrupo Colombiac2000 a1 DVD, 90 minutosbsonido, imagen aLo mejor del cine Colombiano aSINOPSIS: Obra de humor negro que retrata con ironía y acidez el insólito, violento, cruel, maravilloso y extraño mundo "Macondiano" en que viven los colombianos a principios del nuevo milenio. El protagonista de una famosa serie televisiva sobre la vida de Bolívar, abandona furioso la filmación del capítulo final en desacuerdo con la distorsión de la historia. El actor se balancea entre la lucidez y la locura aCRÉDITOS: Dirigida por Jorge Alí Triana ;escrita por Manuel Arias ; producida por Gustavo Angel Olaya ; música por Osvaldo Montes ; fotografía por Rodrigo Lalinde ; diseño de producción por Rosario Lozano ; vestuario por Angélica Perea0 aREPARTO: Robinson Díaz, Amparo Grisales, Jairo Camargo, Fanny Mikey, Gustavo Angarita, María Eugenia Dávila, Carlos Barbosa, Alejandra Borrero, Santiago Bejarano, Ana Soler aAudio en español04aHumor en el cinevDVD04aPelículas cinematográficasvDVD1 aTriana, Jorge Alíedirector2 aProImagenes en Movimiento2 aGrupo Colombia2 aUnited Angels Productions0 tBolívar soy yo40uhttp://www.youtube.com/watch?v=Ev4j7u_apVgzSiga este enlace para ver el trailer